[Event "POL-chT 1 Liga 2019"]
[Site "Dzwirzyno"]
[Date "2019.09.07"]
[Round "1.21"]
[White "Plichta, Kamil"]
[Black "Grabarczyk, Miroslaw"]
[Result "1/2-1/2"]
[WhiteElo "2349"]
[BlackElo "2374"]
[Annotator "ChessBase"]
[PlyCount "105"]
[EventDate "2019.09.07"]
[EventType "team-tourn"]
[EventCountry "POL"]
[SourceTitle "playchess.com"]
[Source "ChessBase"]
[SourceQuality "1"]
[TimeControl "40/5400+30:1800+30"]

1. c4 {[%emt 0:00:00]} e6 {[%emt 0:00:59]} 2. Nf3 {[%emt 0:00:00]} d5 {[%emt 0:00:36]} 3. g3 {[%emt 0:00:00]} Nf6 {[%emt 0:01:04]} 4. Bg2 {[%emt 0:00:00]} Be7 {[%emt 0:01:02]} 5. O-O {[%emt 0:00:16]} O-O {[%emt 0:01:01]} 6. b3 {[%emt 0:00:02]} c5 {[%emt 0:05:17]} 7. Bb2 {[%emt 0:00:14]} b6 {[%emt 0:03:07]} 8. e3 {[%emt 0:00:08]} Bb7 {[%emt 0:01:32]} 9. Nc3 {[%emt 0:00:21]} dxc4 {[%emt 0:06:30]} 10. bxc4 {[%emt 0:01:33]} Nc6 {[%emt 0:02:57]} 11. Qe2 {[%emt 0:00:05]} Rc8 {[%emt 0:01:07]} 12. Rad1 {[%emt 0:02:51]} Na5 {[%emt 0:10:11]} 13. d3 {[%emt 0:00:42]} a6 {[%emt 0:01:11]} 14. Ne1 {[%emt 0:01:51]} Bxg2 {[%emt 0:06:51]} 15. Nxg2 {[%emt 0:00:26]} Qd7 {[%emt 0:00:13]} 16. a4 {[%emt 0:00:59]} Rfd8 {[%emt 0:06:03]} 17. f4 {[%emt 0:03:03]} Nc6 {[%emt 0:07:02]} 18. g4 {[%emt 0:02:38]} Ne8 {[%emt 0:02:38]} 19. f5 {[%emt 0:01:57]} Nd6 {[%emt 0:01:52]} 20. Nf4 {[%emt 0:04:26]} Rb8 {[%emt 0:05:16]} 21. Nh5 {[%emt 0:03:08]} g6 {[%emt 0:05:06]} 22. Ng3 {[%emt 0:02:36]} b5 {[%emt 0:08:59]} 23. axb5 {[%emt 0:00:59]} axb5 {[%emt 0:00:06]} 24. cxb5 {[%emt 0:02:31]} Nb4 {[%emt 0:01:56]} 25. fxg6 {[%emt 0:16:10]} fxg6 {[%emt 0:02:17]} 26. Ba1 {[%emt 0:15:25]} Rf8 {[%emt 0:10:01]} 27. Rxf8+ {[%emt 0:07:51]} Rxf8 {[%emt 0:00:09]} 28. Nce4 {[%emt 0:02:57]} Nxe4 {[%emt 0:02:01]} 29. Nxe4 {[%emt 0:02:03]} e5 {[%emt 0:00:40]} 30. Bxe5 {[%emt 0:02:59]} Qxb5 {[%emt 0:00:22]} 31. Qb2 {[%emt 0:08:29]} Qd7 {[%emt 0:01:06]} 32. Qb3+ {[%emt 0:08:58]} Qd5 {[%emt 0:00:51]} 33. Qc4 {[%emt 0:00:25]} Rd8 {[%emt 0:02:33]} 34. Qxd5+ {[%emt 0:02:14]} Rxd5 {[%emt 0:00:05]} 35. Bf6 {[%emt 0:00:07]} Kf7 {[%emt 0:01:40]} 36. Bxe7 {[%emt 0:00:20]} Kxe7 {[%emt 0:00:05]} 37. Nf2 {[%emt 0:00:54]} Re5 {[%emt 0:02:30]} 38. e4 {[%emt 0:02:31]} Re6 {[%emt 0:00:09]} 39. Rc1 {[%emt 0:01:31]} Rf6 {[%emt 0:01:11]} 40. Rc4 {[%emt 0:00:00]} Rd6 {[%emt 0:00:00]} 41. Rxc5 {[%emt 0:05:41]} Nxd3 {[%emt 0:00:55]} 42. Rc7+ {[%emt 0:01:07]} Kf6 {[%emt 0:02:40]} 43. Rxh7 {[%emt 0:02:01]} Rd4 {[%emt 0:01:07]} 44. Nxd3 {[%emt 0:06:39]} Rxd3 {[%emt 0:00:09]} 45. Kf2 {[%emt 0:00:23]} Kg5 {[%emt 0:03:17]} 46. e5 {[%emt 0:03:34]} Kf4 {[%emt 0:07:23]} 47. e6 {[%emt 0:01:40]} Rf3+ {[%emt 0:00:17]} 48. Kg2 {[%emt 0:00:34]} Re3 {[%emt 0:00:06]} 49. e7 {[%emt 0:01:37]} Kxg4 {[%emt 0:00:07]} 50. Rf7 {[%emt 0:01:49]} g5 {[%emt 0:01:58]} 51. Kf2 {[%emt 0:02:51]} Re6 {[%emt 0:02:20]} 52. h3+ {[%emt 0:03:27]} Kh5 {[%emt 0:00:30]} 53. e8=N {[%emt 0:01:26]} 1/2-1/2

[Event "POL-chT 1 Liga 2019"]
[Site "Dzwirzyno"]
[Date "2019.09.07"]
[Round "1.22"]
[White "Sabuk, Piotr"]
[Black "Reza, Wojciech"]
[Result "1/2-1/2"]
[WhiteElo "2397"]
[BlackElo "2293"]
[Annotator "ChessBase"]
[PlyCount "119"]
[EventDate "2019.09.07"]
[EventType "team-tourn"]
[EventCountry "POL"]
[SourceTitle "playchess.com"]
[Source "ChessBase"]
[SourceQuality "1"]
[TimeControl "40/5400+30:1800+30"]

1. c4 {[%emt 0:00:00]} e5 {[%emt 0:02:05]} 2. Nc3 {[%emt 0:00:00]} Nf6 {[%emt 0:00:32]} 3. Nf3 {[%emt 0:00:00]} Nc6 {[%emt 0:00:14]} 4. e3 {[%emt 0:00:00]} Bb4 {[%emt 0:13:18]} 5. Qc2 {[%emt 0:00:07]} O-O {[%emt 0:01:40]} 6. Nd5 {[%emt 0:00:33]} Re8 {[%emt 0:33:23]} 7. Qf5 {[%emt 0:00:27]} d6 {[%emt 0:02:58]} 8. Nxf6+ {[%emt 0:00:05]} Qxf6 {[%emt 0:01:29]} 9. Qxf6 {[%emt 0:00:17]} gxf6 {[%emt 0:00:04]} 10. a3 {[%emt 0:18:42]} Bc5 {[%emt 0:00:47]} 11. b4 {[%emt 0:00:36]} Bb6 {[%emt 0:01:34]} 12. Bb2 {[%emt 0:00:51]} f5 {[%emt 0:11:55]} 13. c5 {[%emt 0:07:37]} dxc5 {[%emt 0:00:09]} 14. b5 {[%emt 0:00:40]} Na5 {[%emt 0:04:55]} 15. Nxe5 {[%emt 0:01:22]} f4 {[%emt 0:03:55]} 16. Be2 {[%emt 0:13:07]} Bf5 {[%emt 0:03:16]} 17. O-O {[%emt 0:15:49]} Rad8 {[%emt 0:09:35]} 18. d3 {[%emt 0:12:54]} f6 {[%emt 0:01:42]} 19. Ng4 {[%emt 0:00:31]} Bxg4 20. Bxg4 {[%emt 0:00:01]} fxe3 {[%emt 0:03:08]} 21. fxe3 {[%emt 0:00:55]} c4 {[%emt 0:00:53]} 22. Bxf6 {[%emt 0:14:16]} Rxd3 {[%emt 0:00:29]} 23. Kh1 {[%emt 0:01:07]} Nb3 {[%emt 0:01:05]} 24. Rad1 {[%emt 0:06:10]} Nd2 {[%emt 0:01:00]} 25. Rfe1 {[%emt 0:01:31]} c3 {[%emt 0:01:47]} 26. Bxc3 {[%emt 0:01:40]} Rxc3 {[%emt 0:00:18]} 27. Rxd2 {[%emt 0:00:02]} Rxa3 {[%emt 0:00:46]} 28. Rd7 {[%emt 0:02:28]} Raxe3 {[%emt 0:00:22]} 29. Rxe3 {[%emt 0:00:49]} Rxe3 {[%emt 0:00:06]} 30. g3 {[%emt 0:00:32]} Re5 {[%emt 0:00:24]} 31. Rd5 {[%emt 0:00:28]} Rxd5 {[%emt 0:01:03]} 32. Be6+ {[%emt 0:00:02]} Kf8 {[%emt 0:00:06]} 33. Bxd5 {[%emt 0:00:03]} a6 {[%emt 0:00:08]} 34. bxa6 {[%emt 0:00:47]} bxa6 {[%emt 0:00:03]} 35. Kg2 {[%emt 0:00:17]} Ke7 {[%emt 0:00:17]} 36. Kf3 {[%emt 0:00:19]} Kd6 {[%emt 0:00:12]} 37. Bg8 {[%emt 0:00:13]} h6 {[%emt 0:00:08]} 38. g4 {[%emt 0:03:06]} Ke5 {[%emt 0:00:40]} 39. h4 {[%emt 0:00:06]} Kd4 {[%emt 0:01:31]} 40. g5 {[%emt 0:00:00]} hxg5 {[%emt 0:00:00]} 41. hxg5 {[%emt 0:03:40]} Kd3 {[%emt 0:18:51]} 42. Bd5 {[%emt 0:17:16]} Be3 {[%emt 0:03:46]} 43. g6 {[%emt 0:05:21]} Bh6 {[%emt 0:00:07]} 44. Bc6 {[%emt 0:01:58]} a5 {[%emt 0:01:04]} 45. Kf2 {[%emt 0:00:33]} Bg7 {[%emt 0:07:45]} 46. Kf3 {[%emt 0:00:55]} Be5 {[%emt 0:01:10]} 47. Kf2 {[%emt 0:00:31]} Bf6 {[%emt 0:01:40]} 48. Kf3 {[%emt 0:00:08]} Bg7 {[%emt 0:00:28]} 49. Kf2 {[%emt 0:01:39]} Bh6 {[%emt 0:00:38]} 50. Kf3 {[%emt 0:00:09]} Kc4 {[%emt 0:00:56]} 51. Ke4 {[%emt 0:02:02]} Bg7 {[%emt 0:00:13]} 52. Bd5+ {[%emt 0:01:35]} Kc3 {[%emt 0:00:44]} 53. Bc6 {[%emt 0:00:19]} Kc4 {[%emt 0:00:22]} 54. Bd5+ {[%emt 0:00:15]} Kc3 {[%emt 0:00:43]} 55. Bc6 {[%emt 0:00:06]} Kb3 {[%emt 0:00:26]} 56. Kd3 {[%emt 0:01:30]} a4 {[%emt 0:00:22]} 57. Bd5+ {[%emt 0:00:41]} Kb2 {[%emt 0:00:39]} 58. Kc4 {[%emt 0:00:33]} c6 {[%emt 0:00:30]} 59. Be6 {[%emt 0:00:02]} Bf8 {[%emt 0:00:12]} 60. g7 {[%emt 0:00:43]} 1/2-1/2

[Event "POL-chT 1 Liga 2019"]
[Site "Dzwirzyno"]
[Date "2019.09.07"]
[Round "1.23"]
[White "Renkowski, Piotr"]
[Black "Kucza, Karol"]
[Result "1/2-1/2"]
[WhiteElo "2179"]
[BlackElo "2280"]
[Annotator "ChessBase"]
[PlyCount "201"]
[EventDate "2019.09.07"]
[EventType "team-tourn"]
[EventCountry "POL"]
[SourceTitle "playchess.com"]
[Source "ChessBase"]
[SourceQuality "1"]
[TimeControl "40/5400+30:1800+30"]

1. d4 {[%emt 0:00:00]} Nf6 {[%emt 0:00:00]} 2. Nf3 {[%emt 0:00:27]} e6 {[%emt 0:00:26]} 3. Bf4 {[%emt 0:00:54]} c5 {[%emt 0:02:53]} 4. e3 {[%emt 0:01:05]} d5 {[%emt 0:02:19]} 5. c3 {[%emt 0:00:27]} Nc6 {[%emt 0:00:06]} 6. Nbd2 {[%emt 0:00:57]} Bd6 {[%emt 0:00:07]} 7. Bg3 {[%emt 0:00:25]} O-O {[%emt 0:00:07]} 8. Bd3 {[%emt 0:00:59]} b6 {[%emt 0:00:28]} 9. e4 {[%emt 0:00:17]} Be7 {[%emt 0:00:13]} 10. e5 {[%emt 0:00:20]} Nh5 {[%emt 0:00:17]} 11. Ng5 {[%emt 0:00:44]} Bxg5 {[%emt 0:09:13]} 12. Qxh5 {[%emt 0:00:02]} g6 {[%emt 0:00:22]} 13. Qe2 {[%emt 0:01:35]} cxd4 {[%emt 0:04:56]} 14. h4 {[%emt 0:00:07]} Bxd2+ {[%emt 0:19:06]} 15. Qxd2 {[%emt 0:00:03]} dxc3 {[%emt 0:00:38]} 16. bxc3 {[%emt 0:09:19]} f5 {[%emt 0:00:09]} 17. exf6 {[%emt 0:17:59]} Qxf6 {[%emt 0:00:26]} 18. h5 {[%emt 0:00:11]} g5 {[%emt 0:10:22]} 19. h6 {[%emt 0:03:56]} Kh8 {[%emt 0:07:27]} 20. Rh5 {[%emt 0:03:58]} Ne5 {[%emt 0:12:17]} 21. Bb5 {[%emt 0:17:30]} Nf7 {[%emt 0:11:37]} 22. Bc6 {[%emt 0:02:22]} Ba6 {[%emt 0:02:57]} 23. Bxa8 {[%emt 0:01:21]} Rxa8 {[%emt 0:00:07]} 24. O-O-O {[%emt 0:08:35]} Rc8 {[%emt 0:01:00]} 25. Kb2 {[%emt 0:01:40]} Rc4 {[%emt 0:02:40]} 26. a3 {[%emt 0:17:32]} Kg8 {[%emt 0:05:33]} 27. f3 {[%emt 0:04:00]} Bb5 {[%emt 0:00:39]} 28. Bf2 {[%emt 0:02:43]} Qg6 {[%emt 0:01:45]} 29. g4 {[%emt 0:01:50]} Rf4 {[%emt 0:01:20]} 30. Bd4 {[%emt 0:01:43]} Rxf3 {[%emt 0:01:00]} 31. Re1 {[%emt 0:00:01]} Rf4 {[%emt 0:01:38]} 32. Qg2 {[%emt 0:01:16]} Bd3 {[%emt 0:00:53]} 33. Qxd5 {[%emt 0:00:38]} Be4 {[%emt 0:02:28]} 34. Qd7 {[%emt 0:00:59]} Nxh6 {[%emt 0:00:06]} 35. Qd8+ {[%emt 0:00:21]} Rf8 {[%emt 0:00:09]} 36. Qxg5 {[%emt 0:00:07]} Nf7 {[%emt 0:00:41]} 37. Qe3 {[%emt 0:01:07]} Nd6 {[%emt 0:00:26]} 38. Ka1 {[%emt 0:00:19]} Rf3 {[%emt 0:01:00]} 39. Qg5 {[%emt 0:00:41]} Qxg5 {[%emt 0:00:57]} 40. Rxg5+ {[%emt 0:00:00]} Kf8 {[%emt 0:00:00]} 41. Rg7 {[%emt 0:03:27]} Bd5 {[%emt 0:02:23]} 42. Rxh7 {[%emt 0:04:44]} Nb5 {[%emt 0:00:17]} 43. Be5 {[%emt 0:01:01]} Rf2 {[%emt 0:07:29]} 44. Rh2 {[%emt 0:01:12]} Rxh2 {[%emt 0:00:21]} 45. Bxh2 {[%emt 0:00:02]} Nxc3 {[%emt 0:00:26]} 46. Rc1 {[%emt 0:00:43]} Ne4 {[%emt 0:01:20]} 47. Rc7 {[%emt 0:01:28]} a5 {[%emt 0:00:32]} 48. Kb2 {[%emt 0:01:46]} b5 {[%emt 0:00:27]} 49. Ra7 {[%emt 0:00:58]} b4 {[%emt 0:03:42]} 50. a4 {[%emt 0:01:26]} Nd2 {[%emt 0:00:06]} 51. Bf4 {[%emt 0:09:20]} Nc4+ {[%emt 0:00:06]} 52. Kc2 {[%emt 0:00:10]} Be4+ {[%emt 0:02:51]} 53. Kb3 {[%emt 0:00:01]} Bd5 {[%emt 0:00:04]} 54. g5 {[%emt 0:01:31]} Nb6+ {[%emt 0:02:56]} 55. Kc2 {[%emt 0:00:14]} b3+ {[%emt 0:00:29]} 56. Kb1 {[%emt 0:03:17]} Nc4 {[%emt 0:10:41]} 57. Bc1 {[%emt 0:00:25]} Be4+ {[%emt 0:00:04]} 58. Ka1 {[%emt 0:00:04]} e5 {[%emt 0:00:09]} 59. Rc7 {[%emt 0:01:27]} Bd3 {[%emt 0:00:26]} 60. Bb2 {[%emt 0:03:15]} Kg8 {[%emt 0:02:30]} 61. Bc3 {[%emt 0:00:59]} Kf8 {[%emt 0:00:39]} 62. Rc5 {[%emt 0:02:00]} Kf7 {[%emt 0:02:09]} 63. Bxe5 {[%emt 0:00:59]} Kg6 {[%emt 0:00:06]} 64. Bf6 {[%emt 0:00:50]} Kh5 {[%emt 0:00:20]} 65. Bb2 {[%emt 0:01:03]} Be2 {[%emt 0:00:39]} 66. Bc1 {[%emt 0:00:11]} Bd3 {[%emt 0:00:15]} 67. Rc6 {[%emt 0:00:26]} b2+ {[%emt 0:00:59]} 68. Bxb2 {[%emt 0:00:05]} Kxg5 {[%emt 0:00:03]} 69. Bc3 {[%emt 0:00:45]} Kf5 {[%emt 0:00:05]} 70. Bxa5 {[%emt 0:00:16]} Nxa5 {[%emt 0:00:12]} 71. Rc5+ {[%emt 0:00:06]} Ke6 {[%emt 0:00:05]} 72. Rxa5 {[%emt 0:00:11]} Kd6 {[%emt 0:00:04]} 73. Kb2 {[%emt 0:00:35]} Kc6 {[%emt 0:00:09]} 74. Kc3 {[%emt 0:00:05]} Kb6 {[%emt 0:00:15]} 75. Rg5 {[%emt 0:00:30]} Bf1 {[%emt 0:00:07]} 76. Kb4 {[%emt 0:00:05]} Be2 {[%emt 0:00:09]} 77. Rg6+ {[%emt 0:00:13]} Ka7 {[%emt 0:00:11]} 78. Ka5 {[%emt 0:01:30]} Kb7 {[%emt 0:00:04]} 79. Rh6 {[%emt 0:01:05]} Bf1 {[%emt 0:00:12]} 80. Kb4 {[%emt 0:00:21]} Ka7 {[%emt 0:00:13]} 81. Kc5 {[%emt 0:00:14]} Kb7 {[%emt 0:00:11]} 82. Rh7+ {[%emt 0:00:14]} Ka6 {[%emt 0:00:06]} 83. Rf7 {[%emt 0:00:30]} Bd3 {[%emt 0:00:25]} 84. Kb4 {[%emt 0:01:48]} Be2 {[%emt 0:00:17]} 85. a5 {[%emt 0:00:08]} Bd3 {[%emt 0:00:06]} 86. Rf6+ {[%emt 0:00:32]} Ka7 {[%emt 0:00:08]} 87. Kc5 {[%emt 0:00:08]} Kb7 {[%emt 0:00:35]} 88. Rb6+ {[%emt 0:00:12]} Ka7 {[%emt 0:00:05]} 89. Kc6 {[%emt 0:00:07]} Bf1 {[%emt 0:00:20]} 90. Kc7 {[%emt 0:00:09]} Ba6 {[%emt 0:00:52]} 91. Rf6 {[%emt 0:00:22]} Bd3 {[%emt 0:00:09]} 92. a6 {[%emt 0:00:08]} Be2 {[%emt 0:00:15]} 93. Rf2 {[%emt 0:00:34]} Bd3 {[%emt 0:00:16]} 94. Kc6 {[%emt 0:00:17]} Bc4 {[%emt 0:01:38]} 95. Rb2 {[%emt 0:02:22]} Bf1 {[%emt 0:00:49]} 96. Rd2 {[%emt 0:01:10]} Bc4 {[%emt 0:00:21]} 97. Rc2 {[%emt 0:00:47]} Bd3 {[%emt 0:00:13]} 98. Rc1 {[%emt 0:00:28]} Be2 {[%emt 0:00:08]} 99. Rb1 {[%emt 0:00:05]} Bf3+ {[%emt 0:01:43]} 100. Kc5 {[%emt 0:00:21]} Kxa6 {[%emt 0:00:46]} 101. Ra1+ {[%emt 0:00:13]} 1/2-1/2

[Event "POL-chT 1 Liga 2019"]
[Site "Dzwirzyno"]
[Date "2019.09.07"]
[Round "1.24"]
[White "Kantane, Anna"]
[Black "Jablonska, Sabina"]
[Result "1-0"]
[WhiteElo "2273"]
[BlackElo "1928"]
[Annotator "ChessBase"]
[PlyCount "59"]
[EventDate "2019.09.07"]
[EventType "team-tourn"]
[EventCountry "POL"]
[SourceTitle "playchess.com"]
[Source "ChessBase"]
[SourceQuality "1"]
[TimeControl "40/5400+30:1800+30"]

1. e4 {[%emt 0:00:00]} c5 {[%emt 0:00:00]} 2. Nf3 {[%emt 0:00:00]} e6 {[%emt 0:00:00]} 3. d4 {[%emt 0:00:00]} cxd4 {[%emt 0:00:01]} 4. Nxd4 {[%emt 0:00:06]} Nc6 {[%emt 0:00:12]} 5. Nc3 {[%emt 0:00:28]} Qc7 {[%emt 0:00:48]} 6. Be3 {[%emt 0:00:29]} a6 {[%emt 0:00:23]} 7. Qf3 {[%emt 0:01:08]} Nf6 {[%emt 0:03:35]} 8. O-O-O {[%emt 0:01:21]} Be7 {[%emt 0:04:37]} 9. Be2 {[%emt 0:07:34]} Nxd4 {[%emt 0:10:34]} 10. Bxd4 {[%emt 0:01:49]} d6 {[%emt 0:06:13]} 11. Qg3 {[%emt 0:20:31]} e5 {[%emt 0:11:38]} 12. Qxg7 {[%emt 0:11:38]} Rf8 {[%emt 0:00:27]} 13. Be3 {[%emt 0:04:43]} Be6 {[%emt 0:01:17]} 14. Nd5 {[%emt 0:07:50]} Bxd5 {[%emt 0:05:27]} 15. exd5 {[%emt 0:02:12]} Rc8 {[%emt 0:15:27]} 16. c4 {[%emt 0:04:38]} Rg8 {[%emt 0:09:20]} 17. Qh6 {[%emt 0:00:25]} Rxg2 {[%emt 0:02:11]} 18. Qh3 {[%emt 0:07:21]} Rg6 {[%emt 0:04:53]} 19. Kb1 {[%emt 0:00:36]} Qd7 {[%emt 0:04:56]} 20. Qxd7+ {[%emt 0:08:23]} Kxd7 {[%emt 0:00:32]} 21. f3 {[%emt 0:00:13]} Rcg8 {[%emt 0:07:49]} 22. Bf1 {[%emt 0:05:09]} h5 {[%emt 0:02:41]} 23. Bh3+ {[%emt 0:02:16]} Kc7 {[%emt 0:00:38]} 24. Rhe1 {[%emt 0:01:46]} Nd7 {[%emt 0:03:04]} 25. b4 {[%emt 0:06:15]} Nb6 {[%emt 0:02:28]} 26. Rc1 {[%emt 0:01:12]} Rd8 {[%emt 0:01:39]} 27. c5 {[%emt 0:01:38]} dxc5 {[%emt 0:00:43]} 28. d6+ {[%emt 0:00:16]} Bxd6 {[%emt 0:01:51]} 29. bxc5 {[%emt 0:00:07]} Be7 {[%emt 0:00:31]} 30. cxb6+ {[%emt 0:00:08]} 1-0

[Event "POL-chT 1 Liga 2019"]
[Site "Dzwirzyno"]
[Date "2019.09.07"]
[Round "1.25"]
[White "Chylewski, Patryk"]
[Black "Sopur, Lech"]
[Result "1-0"]
[WhiteElo "2342"]
[BlackElo "2417"]
[Annotator "ChessBase"]
[PlyCount "49"]
[EventDate "2019.09.07"]
[EventType "team-tourn"]
[EventCountry "POL"]
[SourceTitle "playchess.com"]
[Source "ChessBase"]
[SourceQuality "1"]
[TimeControl "40/5400+30:1800+30"]

1. d4 {[%emt 0:00:00]} Nf6 {[%emt 0:00:00]} 2. c4 {[%emt 0:00:00]} e6 {[%emt 0:00:12]} 3. g3 {[%emt 0:00:00]} d5 {[%emt 0:01:34]} 4. Nf3 {[%emt 0:00:00]} Bb4+ {[%emt 0:00:51]} 5. Nbd2 {[%emt 0:00:43]} dxc4 {[%emt 0:03:34]} 6. Bg2 {[%emt 0:00:05]} Nd5 {[%emt 0:00:52]} 7. O-O {[%emt 0:05:28]} c3 {[%emt 0:01:57]} 8. Nb3 {[%emt 0:03:05]} Nc6 {[%emt 0:25:44]} 9. e4 {[%emt 0:05:43]} Nb6 {[%emt 0:09:01]} 10. bxc3 {[%emt 0:03:16]} Bxc3 {[%emt 0:00:08]} 11. Rb1 {[%emt 0:02:30]} Bb4 {[%emt 0:08:59]} 12. Qc2 {[%emt 0:04:02]} O-O {[%emt 0:01:59]} 13. Rd1 {[%emt 0:00:51]} Qe7 {[%emt 0:08:21]} 14. Bb2 {[%emt 0:37:14]} f6 {[%emt 0:05:49]} 15. Rbc1 {[%emt 0:13:44]} Na4 {[%emt 0:03:28]} 16. Ba1 {[%emt 0:03:09]} Ba3 {[%emt 0:00:53]} 17. d5 {[%emt 0:05:53]} Bxc1 {[%emt 0:11:38]} 18. Nxc1 {[%emt 0:01:36]} Qc5 {[%emt 0:03:14]} 19. Qxa4 {[%emt 0:01:42]} b5 {[%emt 0:00:28]} 20. Bd4 {[%emt 0:03:02]} Nxd4 {[%emt 0:00:28]} 21. Qxd4 {[%emt 0:00:09]} Qc2 {[%emt 0:01:09]} 22. Ne1 {[%emt 0:04:18]} Qb1 {[%emt 0:01:32]} 23. Qd2 {[%emt 0:00:56]} Qa1 {[%emt 0:00:35]} 24. f4 {[%emt 0:00:37]} b4 {[%emt 0:00:58]} 25. Ne2 {[%emt 0:00:25]} 1-0

[Event "POL-chT 1 Liga 2019"]
[Site "Dzwirzyno"]
[Date "2019.09.07"]
[Round "1.26"]
[White "Flis, Pawel"]
[Black "Kowalski, Igor"]
[Result "1/2-1/2"]
[WhiteElo "1897"]
[BlackElo "2364"]
[Annotator "ChessBase"]
[PlyCount "75"]
[EventDate "2019.09.07"]
[EventType "team-tourn"]
[EventCountry "POL"]
[SourceTitle "playchess.com"]
[Source "ChessBase"]
[SourceQuality "1"]
[TimeControl "40/5400+30:1800+30"]

1. e4 {[%emt 0:00:00]} e5 {[%emt 0:00:00]} 2. d4 {[%emt 0:00:00]} exd4 {[%emt 0:00:00]} 3. Nf3 {[%emt 0:00:00]} Nc6 {[%emt 0:00:00]} 4. Bc4 {[%emt 0:00:00]} Nf6 {[%emt 0:00:21]} 5. e5 {[%emt 0:00:03]} d5 {[%emt 0:00:18]} 6. Bb5 {[%emt 0:00:08]} Ne4 {[%emt 0:00:16]} 7. Nxd4 {[%emt 0:00:51]} Bd7 {[%emt 0:00:05]} 8. Bxc6 {[%emt 0:00:08]} bxc6 {[%emt 0:00:03]} 9. O-O {[%emt 0:00:43]} Bc5 {[%emt 0:00:07]} 10. f3 {[%emt 0:01:48]} Ng5 {[%emt 0:00:05]} 11. Be3 {[%emt 0:02:32]} Bb6 {[%emt 0:01:20]} 12. f4 {[%emt 0:03:32]} Ne4 {[%emt 0:00:33]} 13. Nd2 {[%emt 0:01:10]} c5 {[%emt 0:25:13]} 14. Ne2 {[%emt 0:00:30]} Nxd2 {[%emt 0:00:30]} 15. Qxd2 {[%emt 0:00:30]} d4 {[%emt 0:00:30]} 16. Bf2 Bc6 17. c4 {[%emt 0:15:10]} Qd7 {[%emt 0:02:00]} 18. Qd3 {[%emt 0:19:11]} f5 {[%emt 0:06:58]} 19. exf6 {[%emt 0:16:48]} gxf6 {[%emt 0:00:16]} 20. f5 {[%emt 0:00:26]} Rg8 {[%emt 0:01:52]} 21. Nf4 {[%emt 0:04:29]} O-O-O {[%emt 0:00:10]} 22. Rae1 {[%emt 0:00:42]} Qf7 {[%emt 0:05:43]} 23. Re6 {[%emt 0:05:18]} Bd7 {[%emt 0:04:24]} 24. Qe4 {[%emt 0:10:57]} Kb8 {[%emt 0:00:28]} 25. Nd5 {[%emt 0:03:08]} Rge8 {[%emt 0:01:56]} 26. Re1 {[%emt 0:07:33]} Qg7 {[%emt 0:38:41]} 27. Bg3 {[%emt 0:03:25]} Bxe6 {[%emt 0:03:23]} 28. fxe6 {[%emt 0:00:20]} Rxd5 {[%emt 0:01:14]} 29. Qxd5 {[%emt 0:02:34]} Qe7 {[%emt 0:00:05]} 30. Qc6 {[%emt 0:01:35]} Rd8 {[%emt 0:02:17]} 31. a4 {[%emt 0:00:44]} Qe8 {[%emt 0:00:33]} 32. e7 {[%emt 0:00:29]} Rc8 {[%emt 0:00:07]} 33. Qxf6 {[%emt 0:00:53]} Ba5 {[%emt 0:02:29]} 34. Re6 {[%emt 0:00:34]} Qxa4 {[%emt 0:00:59]} 35. Qf8 {[%emt 0:00:25]} Re8 {[%emt 0:00:36]} 36. b3 {[%emt 0:00:09]} Qd7 {[%emt 0:00:08]} 37. Qf5 {[%emt 0:00:44]} Kc8 {[%emt 0:01:38]} 38. Qe4 1/2-1/2

[Event "POL-chT 1 Liga 2019"]
[Site "Dzwirzyno"]
[Date "2019.09.07"]
[Round "1.27"]
[White "Nowak, Lukasz"]
[Black "Szmacinski, Slawomir"]
[Result "1-0"]
[WhiteElo "2270"]
[BlackElo "1848"]
[Annotator "ChessBase"]
[PlyCount "63"]
[EventDate "2019.09.07"]
[EventType "team-tourn"]
[EventCountry "POL"]
[SourceTitle "playchess.com"]
[Source "ChessBase"]
[SourceQuality "1"]
[TimeControl "40/5400+30:1800+30"]

1. d4 {[%emt 0:00:00]} Nf6 {[%emt 0:11:17]} 2. c4 {[%emt 0:00:00]} e6 {[%emt 0:00:10]} 3. Nf3 {[%emt 0:00:10]} b6 {[%emt 0:00:23]} 4. a3 {[%emt 0:00:11]} Ba6 {[%emt 0:02:21]} 5. Qc2 {[%emt 0:00:15]} d5 {[%emt 0:01:28]} 6. Nbd2 {[%emt 0:06:33]} Be7 {[%emt 0:02:07]} 7. e4 {[%emt 0:05:17]} dxe4 {[%emt 0:05:35]} 8. Nxe4 {[%emt 0:00:19]} Bb7 {[%emt 0:02:19]} 9. Bd3 {[%emt 0:00:33]} Nbd7 {[%emt 0:02:29]} 10. O-O {[%emt 0:01:49]} O-O {[%emt 0:00:30]} 11. Rd1 {[%emt 0:05:08]} Nxe4 {[%emt 0:03:21]} 12. Bxe4 {[%emt 0:00:14]} Bxe4 {[%emt 0:00:25]} 13. Qxe4 {[%emt 0:00:07]} Nf6 {[%emt 0:00:07]} 14. Qe2 {[%emt 0:01:54]} c6 {[%emt 0:02:13]} 15. Bf4 {[%emt 0:02:49]} Rc8 {[%emt 0:02:10]} 16. Rd3 {[%emt 0:02:37]} Re8 {[%emt 0:02:02]} 17. Rad1 {[%emt 0:02:12]} b5 {[%emt 0:07:43]} 18. Rc3 {[%emt 0:09:59]} a5 {[%emt 0:09:06]} 19. Ne5 {[%emt 0:05:29]} b4 {[%emt 0:11:59]} 20. Rg3 {[%emt 0:02:06]} g6 {[%emt 0:04:01]} 21. Qf3 {[%emt 0:02:30]} bxa3 {[%emt 0:04:33]} 22. bxa3 {[%emt 0:00:10]} Rc7 {[%emt 0:14:41]} 23. Nxc6 {[%emt 0:07:00]} Rxc6 {[%emt 0:00:12]} 24. Qxc6 {[%emt 0:00:06]} Nh5 {[%emt 0:00:05]} 25. Bc7 {[%emt 0:01:05]} Qc8 {[%emt 0:01:25]} 26. Rb3 {[%emt 0:00:25]} Qa8 {[%emt 0:06:58]} 27. Qxa8 {[%emt 0:00:17]} Rxa8 {[%emt 0:00:05]} 28. d5 {[%emt 0:00:28]} exd5 {[%emt 0:02:24]} 29. cxd5 {[%emt 0:00:07]} a4 {[%emt 0:00:44]} 30. Rb8+ {[%emt 0:00:50]} Rxb8 {[%emt 0:00:11]} 31. Bxb8 {[%emt 0:00:05]} Nf6 {[%emt 0:00:13]} 32. d6 {[%emt 0:00:13]} 1-0